000 01245nam0a22002891 4500
001 rc\2183506
005 20260406184525.0
035 _a(NLR Aleph) 006691334
090 _a5151801
_c5151801
100 _a20110829d1978 |||y0rusy50 ca
101 0 _arus
102 _aRU
105 _ay z |||||
200 1 _aКонституция развитого социализма
_eМатериалы Науч. сессии, посвящ. 60-летию Октября
_fАкад. обществ. наук при ЦК КПСС
_g[Отв. ред. д. ю. н., проф. Черноголовкин Н.В., к. ю. н. Берендеев О.В.]
210 _aМосква
_c[Б. и.]
_d1978
215 _a156 с.
_d20
606 _aКонституция СССР
_2psbo
702 1 _aБерендеев
_bО.В.
_4340
702 1 _aЧерноголовкин
_bН.В.
_gНиколай Владимирович
_4340
712 0 2 _aАкадемия общественных наук
_cМосква
_bНаучная сессия
_f1964
_3RU\NLR\AUTH\889949895
_9395521
801 0 _aRU
_bNLR
_gpsbo
801 1 _aRU
_bELAR
_2rusmarc
852 _aNLR
_j78-3/8048
899 _aRuMoRGB
_jБ 78-23/1658
899 _aRuMoRGB
_jБ 78-23/1659
942 _cBOOK
980 _aNB